| 000 | 01009nam a2200277Ia 4500 | ||
|---|---|---|---|
| 003 | OSt | ||
| 005 | 20221005111600.0 | ||
| 006 | a|||||r|||| 00| 0 | ||
| 007 | ta | ||
| 008 | 221004b |||||||| |||| 00| 0 hin d | ||
| 020 |
_a9788185999807 (hbk) _cIndian Rupees 595 |
||
| 024 | _a41043 | ||
| 037 |
_bGift, 08/01/2019, _cTextual |
||
| 040 |
_aCRL _cCRL _bhin |
||
| 041 |
_2hin _ahin |
||
| 082 | _aO152,3M80:g(Y5927), Q0 | ||
| 100 | _aकांतिमोहन, ले. | ||
| 245 | 0 | _aप्रेमचन्द और दलित विमर्श | |
| 246 | _aPremachanda aur dalit vimarsha | ||
| 260 |
_aनई दिल्ली _bस्वराज प्रकाशन भारत _c2010 |
||
| 300 |
_a305पृ0 _ccm. |
||
| 650 | _a हिन्दी साहित्य | ||
| 650 | _aहिन्दी कहानी | ||
| 942 |
_hO152,3M80:g(Y5927), Q0 _cTEXL _2cc |
||
| 999 |
_c1022247 _d1022247 |
||